000 00297nam a22001337a 4500
008 170919b xxu||||| |||| 00| 0 eng d
020 _a4763631810
041 _aeng
080 _a7
100 _a44
101 _aART
245 _aMASTERPIECES OF GARDEN ART IN KYOTO
_cSHOIN,K
942 _2udc
_cBK
999 _c28279
_d28279